LIBRARY & INFORMATION CENTRE, KCAET, TAVANUR

ONLINE PUBLIC ACCESS CATALOGUE (OPAC)

Advances in Fruit Processing Technologies / (Record no. 13970)

MARC details
000 -LEADER
fixed length control field 00559cam a2200181 a 4500
020 ## - INTERNATIONAL STANDARD BOOK NUMBER
ISBN 9781439851524 (hardback)
082 00 - DEWEY DECIMAL CLASSIFICATION NUMBER
Classification number 664.8
Item number ROD/AD
245 00 - TITLE STATEMENT
Title Advances in Fruit Processing Technologies /
260 ## - PUBLICATION, DISTRIBUTION, ETC. (IMPRINT)
Place of publication Boca Raton, FL :
Name of publisher Taylor & Francis,
Year of publication 2012.
300 ## - PHYSICAL DESCRIPTION
Number of Pages xvii, 454 p. :
Other physical details ill. ;
490 0# - SERIES STATEMENT
Series statement Contemporary Food Engineering Series
650 #0 - SUBJECT ADDED ENTRY--TOPICAL TERM
Topical Term Fruit
650 #7 - SUBJECT ADDED ENTRY--TOPICAL TERM
Topical Term TECHNOLOGY & ENGINEERING / Food Science
700 1# - ADDED ENTRY--PERSONAL NAME
Personal name Rodrigues, Sueli.
700 1# - ADDED ENTRY--PERSONAL NAME
Personal name Andre,Fabiano
700 1# - ADDED ENTRY--PERSONAL NAME
Personal name Fernandes,Narciso
942 ## - ADDED ENTRY ELEMENTS (KOHA)
Koha item type Books
Holdings
Withdrawn status Lost status Damaged status Collection code Home library Current library Shelving location Date acquired Source of acquisition Full call number Accession Number Koha item type Cost, normal purchase price
      Reference KAUAET KAUAET Reference1 30/03/2013 Neoti Book Agency 664.8 ROD/AD 23889 Reference  
        KAUAET KAUAET General Stacks 27/06/2016 Minerva Books Thrissur 664.8 ROD/AD 23795 Books 10134.00
free website counter